000 00804nam a2200253Ia 4500
008 130821s1963 xxu gr eng
020 _a226264211
020 _a9780226264219
040 _aCo-BoUCM
_bspa
041 _aeng
100 1 _aFriedman, Milton
_d1912-
245 1 0 _aCapitalism and freedom
_cMilton Friedman.
260 _aChicago (Illinois, estados Unidos)
_bPhonix Books
_c1963
300 _a208 páginas
500 _a4to aniversario con un nuevo prefacio por el autor.
504 _aIncluye índice.
650 0 4 _aCapitalismo
_910463
650 0 4 _aDesarrollo económico
_912956
650 0 4 _aEstado
_97594
650 0 4 _aLibertad (Ciencia política)
650 0 4 _aSistemas económicos
_924652
942 _cLIBRO
_a7
_e1
_mF74
_2DEWEY
_h339.3
999 _c11403
_d11403